| 000 | 00562cam a22001571 4500 | ||
|---|---|---|---|
| 082 |
_a669.950282 _bGRE _cL-17, P-47 |
||
| 100 | 1 |
_aGreaves, Richard Henry. _945358 |
|
| 245 | 1 | 0 |
_aPractical microscopical metallography, _cby Richard Henry Greaves and Harold Wrighton. |
| 250 | _a3d ed. rev. and enl. (reprinted) | ||
| 260 |
_aLondon, _bChapman & Hall, _c1941. |
||
| 300 |
_axi, 272 p. _billus., 60 plates on 31 l. _c26 cm. |
||
| 526 |
_a0 _b0 _c0 _d669_950282000000000_GRE |
||
| 650 | 0 |
_aMetallography. _944882 |
|
| 700 | 1 |
_aWrighton, Harold, _945359 |
|
| 942 |
_2ddc _cBK |
||
| 999 |
_c548904 _d548904 |
||